| 000 | 00695nam a2200253Ia 4500 | ||
|---|---|---|---|
| 008 | 160803s9999 xx 000 0 und d | ||
| 020 | _a9780439203401 | ||
| 100 | _aErdrich, Louise | ||
| 245 | 4 | _aThe birchbark house / | |
| 245 | _cLouise Erdrich with illustrations by the author. | ||
| 260 | _aNew York : | ||
| 260 | _bScholastic Inc. | ||
| 260 | _c1999 | ||
| 300 | _a239 pages : | ||
| 300 | _billustrations ; | ||
| 300 | _c20 cm | ||
| 650 | _aIndians of North America -- Superior, Lake, Region -- | ||
| 650 | _aOjibwa Indians -- | ||
| 650 | _aSeasons -- | ||
| 650 | _xJuvenile fiction. | ||
| 650 | _xJuvenile fiction. | ||
| 650 | _xJuvenile fiction. | ||
| 700 | _a970 | ||
| 999 |
_c298733 _d298733 |
||